Detalles MARC
| 000 -LEADER |
| fixed length control field |
02348nam a22002777a 4500 |
| 003 - CONTROL NUMBER IDENTIFIER |
| control field |
DO-SdBNP |
| 005 - DATE AND TIME OF LATEST TRANSACTION |
| control field |
20210408141242.0 |
| 008 - FIXED-LENGTH DATA ELEMENTS--GENERAL INFORMATION |
| fixed length control field |
210303b 2000 dr 0 spa d |
| 020 ## - INTERNATIONAL STANDARD BOOK NUMBER |
| International Standard Book Number |
9993400483 |
| 040 ## - CATALOGING SOURCE |
| Original cataloging agency |
BPMSU |
| Transcribing agency |
spa |
| Modifying agency |
BPMSU |
| 082 ## - DEWEY DECIMAL CLASSIFICATION NUMBER |
| Classification number |
923.77295 |
| Item number |
H831H |
| Edition number |
22 |
| 100 1# - MAIN ENTRY--PERSONAL NAME |
| Personal name |
Hostos,Bayoán Lautaro de |
| Dates associated with a name |
1885-1960 |
| 245 ## - TITLE STATEMENT |
| Title |
Eugenio María de Hostos, Intimo / |
| Statement of responsibility, etc. |
Boyoán Lautero de Hostos |
| 246 13 - VARYING FORM OF TITLE |
| Title proper/short title |
Intimo |
| 250 ## - EDITION STATEMENT |
| Edition statement |
2a. ed. |
| 260 ## - PUBLICATION, DISTRIBUTION, ETC. (IMPRINT) |
| Place of publication, distribution, etc. |
Santo Domingo : |
| Name of publisher, distributor, etc. |
Librería la Trinitaria, |
| Date of publication, distribution, etc. |
2000. |
| 300 ## - PHYSICAL DESCRIPTION |
| Extent |
156 p.; |
| Dimensions |
23 cm. |
| 500 ## - GENERAL NOTE |
| General note |
Incluye datos biográficos del autor en la solapa de la cubierta |
| 500 ## - GENERAL NOTE |
| General note |
|
| 500 ## - GENERAL NOTE |
| General note |
|
| 505 ## - FORMATTED CONTENTS NOTE |
| Formatted contents note |
Prólogo: El papel de los intelectuales de nuevo sobre el tapete -- Palabras liminare -- I. Anécdota de las minas de Oraya, Perú -- Anécdota de Meriño, Santo Domingo -- Anécdota de Carranza, Santo Domiogo -- .Anécdota de la Biblioteca de San Carlos, Santo Domingo --. Anécdota de la Escuela Normal de Santo Domingo -- Anécdota de Belinda Avala se Hostos, Santo Domingo -- Anécdota de María Angelina de Hostos, Santo Domingo -- Anécdota de la Ley de Enseñanza Pública, Santo Domingo -- Anécdota del juego de azar, Chile, Santiago de Chile -- Anécdota del discurso dela Alameda de las Delicias, Santiago de Chile -- Anécdota de Jarabacoa, Santo Domingo -- Anécdota del Club Santiago, Sgo. de Chile -- Anécdota de Adolfo y Bayoan de Hostos,Santiago de Chile -- Anécdota de ciclón de San Ciriaco, Mayaguez,Puerto Rico-- Anécdota del presidente Juan Isidro Jimenes,Santo Domingo -- Anécdota del Mariscal de Campo de Santo Domingo -- Anécdota del General Ulises Heureaux, Santo Domingo -- Anécdota de la influencia de Heureaux,y sociológia de la República. |
| 590 ## - LOCAL NOTE (RLIN) |
| Linkage (RLIN) |
Inventariado, 2021/VM |
| 600 14 - SUBJECT ADDED ENTRY--PERSONAL NAME |
| Personal name |
Hostos, Eugenio María de |
| Dates associated with a name |
1839-1903 |
| General subdivision |
Anécdota |
| 910 ## - USER-OPTION DATA (OCLC) |
| User-option data |
VMateo |
| 942 ## - ADDED ENTRY ELEMENTS (KOHA) |
| Source of classification or shelving scheme |
Dewey Decimal Classification |
| Koha item type |
Libros |